Investigation of protein export in bifidobacterium breve UCC2003 /
Đã lưu trong:
| 主要作者: | |
|---|---|
| 其他作者: | , |
| 格式: | Bài viết |
| 語言: | English |
| 主題: | |
| 標簽: |
添加標簽
沒有標簽, 成為第一個標記此記錄!
|
| Thư viện lưu trữ: | Thư viện Trường Đại học Đà Lạt |
|---|
| LEADER | 00971nam a2200313 4500 | ||
|---|---|---|---|
| 001 | DLU090092959 | ||
| 005 | ##20091201 | ||
| 040 | # | # | |a DLU |b eng |
| 041 | # | # | |a eng |
| 044 | # | # | |a us |
| 100 | # | # | |a MacConaill, Laura E. |
| 245 | # | # | |a Investigation of protein export in bifidobacterium breve UCC2003 / |c Laura E. MacConaill, Gerald F. Fitzgerald, Douwe van Sinderen. |
| 653 | # | # | |a Bacteria |
| 653 | # | # | |a Bifidobacterium breve |
| 653 | # | # | |a Biological transport |
| 653 | # | # | |a Probiotic |
| 653 | # | # | |a Protein |
| 700 | # | # | |a Fitzgerald, Gerald F. |
| 700 | # | # | |a Sinderen, Douwe van. |
| 773 | # | # | |t Applied and Environmental Microbiology |g Vol. 69, no. 12 (December 2003), p. 6994-7001 |
| 920 | # | # | |a Phòng Tạp chí -- Trung tâm Thông tin - Thư viện Trường Đại học Đà Lạt |
| 994 | # | # | |a DLU |
| 900 | # | # | |a True |
| 911 | # | # | |a Trương Bảo Trâm Anh |
| 925 | # | # | |a G |
| 926 | # | # | |a A |
| 927 | # | # | |a BB |
| 980 | # | # | |a Thư viện Trường Đại học Đà Lạt |